MARC details
| 000 -LEADER |
| fixed length control field |
01469pam a2200421 a 4500 |
| 001 - CONTROL NUMBER |
| control field |
8495 |
| 003 - CONTROL NUMBER IDENTIFIER |
| control field |
BD-DhEWU |
| 005 - DATE AND TIME OF LATEST TRANSACTION |
| control field |
20180706162222.0 |
| 008 - FIXED-LENGTH DATA ELEMENTS--GENERAL INFORMATION |
| fixed length control field |
060718s1992 nyua g 001 0 eng d |
| 020 ## - INTERNATIONAL STANDARD BOOK NUMBER |
| International Standard Book Number |
0585266638 (electronic bk.) |
|
| International Standard Book Number |
0070478244 |
| 040 ## - CATALOGING SOURCE |
| Original cataloging agency |
DLC |
| Transcribing agency |
DLC |
| Modifying agency |
DLC |
| -- |
BD-DhEWU |
| Language of cataloging |
eng |
| 041 ## - LANGUAGE CODE |
| Language code of text/sound track or separate title |
eng |
| 050 00 - LIBRARY OF CONGRESS CALL NUMBER |
| Classification number |
TK454 |
| Item number |
.O46 1992 |
| 082 00 - DEWEY DECIMAL CLASSIFICATION NUMBER |
| Classification number |
621.3192 |
| Edition number |
23 |
| Item number |
MAT 1992 |
| 100 1# - MAIN ENTRY--PERSONAL NAME |
| Personal name |
O'Malley, John. |
| 9 (RLIN) |
22656 |
| 245 10 - TITLE STATEMENT |
| Title |
Schaum's outline of theory and problems of basic circuit analysis / |
| Statement of responsibility, etc |
John O'Malley. |
| 250 ## - EDITION STATEMENT |
| Edition statement |
2nd ed. |
| 260 ## - PUBLICATION, DISTRIBUTION, ETC. (IMPRINT) |
| Place of publication, distribution, etc |
New York : |
| Name of publisher, distributor, etc |
McGraw-Hill, |
| Date of publication, distribution, etc |
c1992. |
| 300 ## - PHYSICAL DESCRIPTION |
| Extent |
ix, 419 p. : |
| Other physical details |
ill. ; |
| Dimensions |
28 cm. |
| 490 0# - SERIES STATEMENT |
| Series statement |
Schaum's outline series |
| 500 ## - GENERAL NOTE |
| General note |
Includes index. |
| 526 ## - STUDY PROGRAM INFORMATION NOTE |
| Program name |
EEE |
| 590 ## - LOCAL NOTE (RLIN) |
| Local note |
Tahur Ahmed |
| 650 #0 - SUBJECT ADDED ENTRY--TOPICAL TERM |
| Topical term or geographic name as entry element |
Electric circuits. |
| 9 (RLIN) |
22718 |
|
| Topical term or geographic name as entry element |
Electric circuit analysis. |
| 9 (RLIN) |
22719 |
| 856 41 - ELECTRONIC LOCATION AND ACCESS |
| Uniform Resource Identifier |
http://www.netLibrary.com/urlapi.asp?action=summary&v=1&bookid=12899 |
| Materials specified |
Ebook Fulltext |
|
| Materials specified |
Publisher description |
| Uniform Resource Identifier |
http://www.loc.gov/catdir/description/mh022/90026615.html |
|
| Materials specified |
Table of contents |
| Uniform Resource Identifier |
http://www.loc.gov/catdir/toc/mh021/90026615.html |
|
| Materials specified |
Contributor biographical information |
| Uniform Resource Identifier |
http://www.loc.gov/catdir/enhancements/fy1012/90026615-b.html |
|
| Materials specified |
E-book Fulltext |
| Uniform Resource Identifier |
http://lib.ewubd.edu/ebook/8495 |
| 942 ## - ADDED ENTRY ELEMENTS (KOHA) |
| Source of classification or shelving scheme |
Dewey Decimal Classification |
| Koha item type |
E-Book |